Central Library OPAC University of Rajshahi

Fisher Investments on emerging markets / (Record no. 13581)

MARC details
000 -LEADER
fixed length control field 01428cam a2200349 a 4500
001 - CONTROL NUMBER
control field 13581
003 - CONTROL NUMBER IDENTIFIER
rucl marc code BD-RjUL
005 - DATE AND TIME OF LATEST TRANSACTION
control field 20211208235457.0
008 - FIXED-LENGTH DATA ELEMENTS--GENERAL INFORMATION
fixed length control field 140201s2010 njua b 001 0 eng
020 ## - INTERNATIONAL STANDARD BOOK NUMBER
International Standard Book Number 9780470452363 (cloth)
International Standard Book Number 0470452366 (cloth)
035 ## - SYSTEM CONTROL NUMBER
System control number (BD-RjUL)13633
040 ## - CATALOGING SOURCE
Original cataloging agency DLC
Transcribing agency DLC
Modifying agency C#P
-- YDXCP
-- DLC
-- BD-RjUL
Language of cataloging eng
041 ## - LANGUAGE CODE
Language code of text/sound track or separate title eng
082 00 - DEWEY DECIMAL CLASSIFICATION NUMBER
Classification number 332.673
Edition number 22
Author mark and year FIF 2010
110 ## - MAIN ENTRY--CORPORATE NAME
Corporate name or jurisdiction name as entry element Fisher Investments.
9 (RLIN) 42496
245 00 - TITLE STATEMENT
Title Fisher Investments on emerging markets /
Statement of responsibility, etc. Fisher Investments, with Austin B. Fraser.
260 ## - PUBLICATION, DISTRIBUTION, ETC. (IMPRINT)
Place of publication, distribution, etc. Hoboken, N.J. :
Name of publisher, distributor, etc. Wiley,
Date of publication, distribution, etc. c2010.
300 ## - PHYSICAL DESCRIPTION
Pagination xvi, 224 p. :
Illustrations ill. ;
Size 24 cm.
490 1# - SERIES STATEMENT
Series statement Fisher Investment press series
504 ## - BIBLIOGRAPHY, ETC. NOTE
Bibliography, etc Includes bibliographical references and index.
505 0# - FORMATTED CONTENTS NOTE
Formatted contents note The five Ws of emerging markets -- Lions, tigers, and dragons, oh my! -- Latin America and the vagaries of boom and bust -- From the rubble of the Iron Curtain to the legacy of apartheid -- From the past to today : how to approach emerging markets -- Developing portfolio drivers -- Security analysis -- Putting it together.
650 #0 - SUBJECT ADDED ENTRY--TOPICAL TERM
Topical term or geographic name as entry element Investment analysis.
9 (RLIN) 42465
Topical term or geographic name as entry element Investments, Foreign.
9 (RLIN) 42466
Topical term or geographic name as entry element Securities.
9 (RLIN) 42467
Topical term or geographic name as entry element Portfolio management.
9 (RLIN) 11941
700 1# - ADDED ENTRY--PERSONAL NAME
Personal name Fraser, Austin B.
830 #0 - SERIES ADDED ENTRY--UNIFORM TITLE
Uniform title Fisher Investments on series.
942 ## - ADDED ENTRY ELEMENTS (KOHA)
Source of classification or shelving scheme Dewey Decimal Classification
Koha item type Books
Holdings
Lost status Source of classification or shelving scheme Damaged status Not for loan Collection code Permanent Location Current Location Shelving location Date acquired Source of acquisition Cost, normal purchase price Total Checkouts Full call number Date last seen Copy number Koha item type
  Dewey Decimal Classification   Not For Loan Non-fiction Central Library, University of Rajshahi Central Library, University of Rajshahi Reading Room 26/09/2013 Dhaka, Asia foundation 29.95   332.673 FIF 2010 01/02/2014 C-1 Books
  Dewey Decimal Classification     Non-fiction Central Library, University of Rajshahi Central Library, University of Rajshahi   26/09/2013 Dhaka, Asia foundation 29.95   332.673 FIF 2010 01/02/2014 C-2 Books